000 00492nam a2200181Ia 4500
005 20250508154609.0
008 008 250505s9999 xx 000 0 eng d
037 _aTextual
040 _aFEDL
_beng
_cFEDL
041 _aeng
_2eng
084 _a309.23, GUP
_qFEDL
100 _aGupta Ranjit Ed.
245 0 _aPlanning for self reliance
260 _aNew Delhi, India
_bImpex India
_c1966
300 _avi,196p.
942 _cTEXL
_h309.23, GUP
999 _c1351112
_d1351112